El matrimonio es así (Record no. 109925)

MARC details
000 -LEADER
campo de control de longitud fija 00456nam a2200145 4500
001 - NÚMERO DE CONTROL
campo de control 109925
003 - IDENTIFICADOR DE NÚMERO DE CONTROL
campo de control ES-MaACL
005 - FECHA Y HORA DE LA ÚLTIMA TRANSACCIÓN
campo de control 20230906184937.0
007 - CAMPO FIJO DE DESCRIPCIÓN FÍSICA--INFORMACIÓN GENERAL
campo de control de longitud fija t|
008 - DATOS DE LONGITUD FIJA--INFORMACIÓN GENERAL
campo de control de longitud fija 061121s1962 sp r ||||1| spa d
100 1# - ENTRADA PRINCIPAL--NOMBRE DE PERSONA
Nombre de persona Oñativia Aurela, Manuel.
9 (RLIN) 87117
245 13 - MENCIÓN DEL TÍTULO
Título El matrimonio es así
Resto del título : (el mejor regalo de boda) /
Mención de responsabilidad, etc. Manuel Oñativia Aurela.
260 ## - PUBLICACIÓN, DISTRIBUCIÓN, ETC.
Lugar de publicación, distribución, etc. San Sebastián :
Nombre del editor, distribuidor, etc. [s.n.],
Fecha de publicación, distribución, etc. 1962 (
Fabricante Tip. Izarra S. S.)
852 ## - LOCALIZACIÓN
Ubicación ES-MaACL
Número de control de estantería C-25479
Sublocalización o colección R.51768
Holdings
Estatus retirado Estado de pérdida Estado de daño No para préstamo Biblioteca de origen Biblioteca actual Ubicación en estantería Fecha de adquisición Fuente de adquisición Total de préstamos Signatura topográfica completa Código de barras Visto por última vez Precio de reemplazo Tipo de ítem Koha
        Biblioteca del Ateneo de Madrid Biblioteca del Ateneo de Madrid Depósito 2 17/01/2008     C-25479 1114691 23/02/2023 23/02/2023 Libro impreso